000 00485nam a2200145 i 4500
001 82852
003 ES-MaACL
005 20230906174736.0
007 t|
008 041112s1926 sp ||||1| spa d
245 0 0 _aInstituto Homeopático y Hospital de San José
_b: estado actual de establecimientos desde el punto de vista técnico y administrativo.
260 _aMadrid :
_b[s.n.,
_c1926] (
_fArtes Gráficas Plus-Ultra)
300 _a20 p. ;
_c22 cm.
852 _aES-MaACL
_j1691-F-27
999 _c82852
_d82852